Normal view MARC view

Entry Corporate Name

Number of records used in: 2

001 - CONTROL NUMBER

  • control field: 18616

003 - CONTROL NUMBER IDENTIFIER

  • control field: dpl

005 - DATE AND TIME OF LATEST TRANSACTION

  • control field: 20100906150619.0

008 - FIXED-LENGTH DATA ELEMENTS

  • fixed length control field: 100906|||a|||||| | ||| d

040 ## - CATALOGING SOURCE

  • Original cataloging agency: dpl
  • Transcribing agency: dpl

110 ## - HEADING--CORPORATE NAME

  • Corporate name or jurisdiction name as entry element: Applied Physics Department, Faculty of Technology and Engineering

670 ## - SOURCE DATA FOUND

  • Source citation: Work cat.: (dpl): National seminar on new frontiers in nuclear, hadron and mesoscopic physics' Vadodara,India December 3,2009 18615, Proceedings of the national seminar on new frontiers in nuclear, hadron and mesoscopic physics', 2010

670 ## - SOURCE DATA FOUND

  • Source citation: Work cat.: (dpl): National seminar on new frontiers in nuclear, hadron and mesoscopic physics' Vadodara,India December 3,2009 18615, Proceedings of the national seminar on new frontiers in nuclear, hadron and mesoscopic physics', 2010

© Delhi Public Library
Hit Counter
free hit counter